| 000 | 00937cam a2200229 4500 | ||
|---|---|---|---|
| 001 | WB3628-18 | ||
| 008 | 000000n2000 000 0 eng u | ||
| 035 | _a(Sirsi) u107196 | ||
| 245 | _aWeb war | ||
| 260 | _c2000 | ||
| 490 |
_aObserver Cash _v16 July 2000, 10(2) |
||
| 520 | _aThe trend for homeowners to sell their property via the Internet could have a long term impact on estate agents and their work. Property professionals predict that estate agents will shift their focus from vendors to buyers and will use the Internet as an add-on service to provide detailed information such as floor plans. | ||
| 590 | _aWB | ||
| 650 | _aESTATE AGENTS | ||
| 650 | _aINTERNET | ||
| 650 | _aWORLD WIDE WEB | ||
| 650 | _aPROPERTY-RESIDENTIAL PROPERTY-ACQUISITION AND DISPOSAL OF RESIDENTIAL PROPERTY | ||
| 650 | _aPROPERTY TRANSACTIONS | ||
| 650 | _aRESIDENTIAL AGENTS | ||
| 690 | _aINFORMATION TECHNOLOGY-INTERNET | ||
| 942 | _n0 | ||
| 999 |
_c64083 _d64083 |
||